All Regions of NZ in order of population - Statistics

General Stats
  • This quiz has been taken 78 times
  • The average score is 9 of 16
Answers on the Map
Answers color-coded by a green-red scale on the quiz's map according to % correct below.
 
Answer Stats
Population Answer % Correct
1,715,600 Auckland
100%
649,800 Canterbury
82%
547,000 Wellington
80%
506,000 Waikato
70%
246,700 Otago
61%
343,400 Bay of Plenty
59%
256,500 Manawatu-Whanganui
54%
197,900 Northland
54%
126,400 Taranaki
52%
32,700 West Coast
52%
54,700 Nelson
50%
102,700 Southland
50%
181,500 Hawke's Bay
48%
57,900 Tasman
46%
51,500 Gisborne
39%
51,500 Marlborough
39%
No matching quizzes found
Score Distribution
Percent of People with Each Score
Percentile by Number Answered
Your Score History
You have not taken this quiz